LEADER 00816nam0-22003251i-450 001 990001810570403321 005 20190610141603.0 010 $a88-206-4222-0 035 $a000181057 035 $aFED01000181057 035 $a(Aleph)000181057FED01 035 $a000181057 100 $a20021010d1998----km-y0itay50------ba 101 0 $aita 200 1 $aKalmie$fBruno Caraffini 210 $aBologna$cEdagricole$d1998 215 $aXI, 55 p.$d23 cm 225 1 $a<>gemme verdi 610 0 $aGiardinaggio 610 0 $aKalmia 676 $a635.9 700 1$aCaraffini,$bBruno$0353971 801 0$aIT$bUNINA$gRICA$2UNIMARC 901 $aBK 912 $a990001810570403321 952 $a60 635.9 CARB 1998$b6829$fFAGBC 959 $aFAGBC 996 $aKalmie$9410454 997 $aUNINA DB $aING01